Ces langues existent-elles ? - Mort Subite [DIFFICILE] - Statistiques

Statistiques générales
  • Ce quiz a été pris 173 fois
  • Le résultat moyen est 20 sur 45
Answers on the Grid
Answers color-coded by a green-red scale on the quiz's grid according to % correct below.
Allemand
Alström
Anglais
Arabe
Arménien
Autrichien
Azéri
Batracien
Biélorusse
Biomiméticien
Bourouchaski
Chawetzi
Cinghalais
Coréen
Créole Saint-Lucien
Créole Seychellois
Créole Trinidadien
Danois
Decathlon
Dithyrambique
Dodoma
Espagnol
Finnois
Géorgien
Grec
Groenlandais
Hadza
Hindi
Hongrois
Honshū
Hypnagogique
Igbo
Indonésien
Inuinnaqtun
Islandais
Japonais
Kaingang
Kappa
Kazakh
Kif-Kif
Lesch-Nyhan
Letton
Livèche
Maltais
Mandarin
Marshallais
Mésentère
N'djaména
Nauruan
Naypyidawaïen
Nisu
Norvégien
Nusantara
Ourdou
Ouzbek
Pangéen
Pizzaïolo
Portugais
Quechua
Quetzalcóatl
Romantique
Rotokas
Russe
Saint-Hélénois
Same du nord
Séoulais
Sialagogue
Svalbardien
Swahili
Tellurique
Texan
Turc
Võro
Xinjari
Yaoundé
 
Statistiques - réponses
Réponse % Correct
Russe
86%
Japonais
77%
Mandarin
77%
Grec
74%
Hongrois
74%
Portugais
74%
Turc
74%
Allemand
72%
Coréen
72%
Danois
72%
Anglais
70%
Arménien
67%
Finnois
67%
Espagnol
65%
Norvégien
65%
Arabe
63%
Letton
63%
Géorgien
58%
Hindi
58%
Ouzbek
58%
Islandais
56%
Kazakh
53%
Indonésien
49%
Maltais
47%
Swahili
47%
Quechua
44%
Créole Seychellois
42%
Azéri
35%
Biélorusse
33%
Cinghalais
33%
Groenlandais
33%
Ourdou
30%
Créole Trinidadien
28%
Créole Saint-Lucien
26%
Igbo
23%
Marshallais
19%
Nauruan
19%
Same du nord
9%
Võro
9%
Inuinnaqtun
7%
Bourouchaski
5%
Nisu
2%
Hadza
0%
Kaingang
0%
Rotokas
0%
Aucun quiz correspondant
Distribution des résultats
% des personnes avec chaque résultat
Percentile par nombre de réponses
Votre historique - résultats
Vous n’avez pas pris ce quiz